000 00570nam a2200229Ia 4500
003 OSt
005 20220924135511.0
006 a|||||r|||| 00| 0
007 ta
008 220923b |||||||| |||| 00| 0 ben d
024 _a291401
037 _cTextual
040 _aARTS
_cARTS
_bben
041 _2ben
_aben
082 _aO1570Y1,351,1v, N3
100 _aSingha
_9209302
245 0 _aPurbabanger kobigan
260 _c1993
650 _aBENGALI LITERATURE
942 _hO1570Y1,351,1v, N3
_cTEXL
_2CC
999 _c440883
_d440883